MDQL
is popping MORE tags! Check the
thread
!
Quizzes
Events
Quiz Creation
Community
Videos
Private Events
Remove Ads
Sign In
Join for FREE
Feedback
Dark Mode
Quiz Categories
Sports
Geography
Music
Movies
Television
Just For Fun
Miscellaneous
History
Literature
Language
Science
Gaming
Entertainment
Religion
Holiday
For Kids
Quiz Lab
Recent
Popular Today
Quiz Kudos Today
Editor Picks
Curator Picks
Quizzes by...
Day
Popularity
Type
Ratings
Length
Year
Community
Subscriptions
Recent Discussions
Orange Saloon
Badges
Playlists
Quests
Create
Leaderboards
Showdown
Live 5
Trivia Bingo
Activity
Puzzle Library
Sporcle Events
Private Events
Virtual Trivia
Globe League
Become a Host
Pub Owners
SporcleCon
Opinionation
Our Games
Videos
Blog
Mobile Apps
Partnerships
Remove Ads and Go Orange
Feedback
Sports
Athletes
MLB
NBA
NHL
NFL
Soccer
Sports Teams
WWE
NCAA
Football
Premier League
Basketball
Baseball
Hockey
Golf
Tennis
Cricket
Rugby
Auto Racing
Olympics
World Cup
Sports
Athletes
MLB
NBA
NHL
NFL
Soccer
Sports Teams
WWE
NCAA
Football
Premier League
Basketball
Baseball
Hockey
Golf
Tennis
Cricket
Rugby
Auto Racing
Olympics
World Cup
Random Quiz
Search Sporcle
×
Quiz Lab
Quiz Lab
Sports
Las Vegas Raiders
Type in answers that appear in a list
Type in answers that appear in a list
Classic
Best Score? Go Orange.
Offensive starters for the Oakland Raiders (2011-2002) Stats
Can you name the Offensive starters for the Oakland Raiders?
By
vtt3017
10m
120 Questions
153 Plays
153 Plays
153 Plays
Comments
Comments
Give Quiz Kudos
Give Quiz Kudos
-
- Ratings
hide this ad
Replay
Link that replays current quiz
Next Quiz
Link to next quiz in quiz playlist
You Got
0%
They Got
Avg Score
56%
Avg Friend Score
Upgrade to see
Score Distribution
Jump to the score distribution portion of the page
Score
0/120
Timer
10:00
0
Plays Today
Position
Player Name
% Correct
2011
Darren McFadden
94.7%
2010
Darren McFadden
94.7%
2009
Darren McFadden
94.7%
2008
Darren McFadden
94.7%
2011
Carson Palmer/Jason Campbell
94.1%
2002
Rich Gannon
93.4%
2008
Jamarcus Russell/Andrew Walter
91.4%
2003
Rich Gannon/Rick Mirer
91.4%
2010
Jason Campbell/Gradkowski
90.1%
2009
Jamarcus Russell/Bruce Gradkowski
90.1%
2002
Tim Brown/Jerry Rice
86.8%
2003
Tim Brown
84.9%
2004
Jerry Rice/Doug Gabriel
84.2%
2003
Jerry Rice
84.2%
2002
Charlie Brown
83.6%
2010
Zach Miller
82.9%
2009
Zach Miller
82.9%
2008
Zach Miller
82.9%
2007
Zach Miller
82.9%
2006
Andrew Walter/Aaron Brooks
82.2%
2011
Jacoby Ford/Denarius Moore
80.9%
2011
Darrius Heyward-Bey/Louis Murphy
80.9%
2010
Louis Murphy/Darrius Heyward-Bey
80.9%
2011
Michael Bush
80.9%
2009
Micheal Bush
79.6%
2010
Micheal Bush
79.6%
2010
Chaz Schilens/Jacoby Ford
77.6%
2009
Darrius Heyward-Bey/Johnny Lee Higgins
77.6%
2003
Langston Walker/Lincoln Kennedy
75%
2009
Chaz Schilens/Louis Murphy
74.3%
2003
Charlie Garner
74.3%
2005
Kerry Collins
73.7%
2004
Kerry Collins
73.7%
2003
Mo Collins
73.7%
2002
Mo Collins
73.7%
2009
Justin Fargas
73%
2008
Justin Fargas
73%
2007
Justin Fargas
73%
2006
Justin Fargas
73%
2011
Marcel Reece
71.1%
Position
Player Name
% Correct
2010
Marcel Reece
71.1%
2007
Jerry Porter
71.1%
2005
Jerry Porter
71.1%
2002
Jerry Porter
71.1%
2008
Javon Walker/Chaz Schilens
69.7%
2004
Joey Porter/Alvis Whitted
69.7%
2005
Justin Fargas/Omar Easy
69.1%
2010
Langston Walker
67.1%
2006
Langston Walker
67.1%
2004
Tyrone Wheatley
67.1%
2003
Tyrone Wheatley
67.1%
2007
LaMont Jordan
64.5%
2006
LaMont Jordan
64.5%
2006
Barry Sims/Robert Gallery/Paul McQuistan/Corey Hulsey
64.5%
2005
LaMont Jordan
64.5%
2010
Robert Gallery
63.2%
2008
Robert Gallery
63.2%
2007
Robert Gallery
63.2%
2005
Robert Gallery
63.2%
2004
Robert Gallery
63.2%
2002
Lincoln Kennedy
62.5%
2007
Josh McCown/Daunte Culpepper
59.2%
2006
Randy Moss
58.6%
2005
Randy Moss
58.6%
2006
Zack Crockett
57.9%
2005
Zack Crockett
57.9%
2004
Zack Crockett
57.9%
2003
Zack Crockett
57.9%
2002
Zack Crockett
57.9%
2003
Barret Robbins
50.7%
2002
Barret Robbins
50.7%
2011
Samson Satele
49.3%
2010
Jared Veldheer/Mario Henderson
49.3%
2010
Samson Satele
49.3%
2009
Samson Satele
49.3%
2011
Jared Veldheer
48.7%
2003
Doug Jolley/O.J. Santiago/Teyo Johnson
47.4%
2011
Kevin Boss
46.1%
2007
Barry Sims
43.4%
2005
Barry Sims
43.4%
Position
Player Name
% Correct
2004
Barry Sims
43.4%
2003
Barry Sims
43.4%
2002
Barry Sims
43.4%
2011
Stefen Wisniewski
42.8%
2011
Kalif Barnes
42.8%
2004
Doug Jolley
41.4%
2002
Ronald WiIlliams
40.1%
2008
Ashley Lelie/Ronald Curry
39.5%
2007
Ronald Curry
39.5%
2009
Mario Henderson
38.8%
2008
Kwame Harris/Mario Henderson
36.8%
2007
Cornell Green/Paul McQuistan
36.8%
2009
Cornell Green
34.9%
2008
Cornell Green
34.9%
2011
Cooper Carlisle
32.2%
2010
Cooper Carlisle
32.2%
2009
Cooper Carlisle
32.2%
2008
Cooper Carlisle
32.2%
2007
Cooper Carlisle
32.2%
2004
Jake Grove/Ron Stone
31.6%
2008
Jake Grove
30.9%
2006
Jake Grove
30.9%
2005
Adam Treu
29.6%
2004
Adam Treu
29.6%
2006
Alvis Whitted
28.9%
2007
Justin Griffith
23%
2008
Luke Lawton/Justin Griffith
22.4%
2006
Courtney Anderson
21.7%
2005
Courtney Anderson
21.7%
2004
Brad Badger/Frank Middleton
20.4%
2003
Frank Middleton
19.7%
2002
Frank Middleton
19.7%
2005
Ron Stone
17.8%
2007
Jeremey Newberry
16.4%
2006
Kevin Boothe
14.5%
2005
Brad Badger
13.8%
2004
Amos Zereoue
10.5%
2009
Chris Morris
9.2%
2002
Madre Hill
5.9%
2006
Chad Slaughter
2%
Quiz Playlist
Details
Report
Send in Message
Add To Playlist
Classic:
Type in answers that appear in a list
Last Updated: Feb 16, 2017
Quiz Scoreboard
CHALLENGE
Sign Up to Join the Scoreboard
Show All
Scores
Hide
Comments
May contain spoilers
Recently Published
Two Season TV Shows II
by 123Four
Television
10m
Image Sorting: Flags VI
by Barbecue
Geography
2m
Find the 'City' Movie
by crazypaving
Movies
60s
More to Explore
Quiz From the Vault
Featured Blog Post
14 Easter Pick-up Lines to Find Eggs With
hide this ad
You Might Also Like...
Tags
Las Vegas Raiders
Oakland
Offensive
Player
Starter
Today's Top Quizzes in Sports
Browse Sports
hide this ad
Today's Top Quizzes in Las Vegas Raiders
Browse Las Vegas Raiders
Top Contributed Quizzes in Sports
1
Les meilleurs buteurs des matchs entre le PSG et l’OM
2
Les entraîneurs de l'OM et du PSG au 21e siècle
3
2022 World Cup Stars
4
Les joueurs passés par le PSG et l'OM
5
Players with Multiple 50 Home Run Seasons
6
FIFA Club World Cup Champions
7
Criteria MLB: Left Handed Sluggers
8
Les joueurs passés par le LOSC et le RC Lens
9
Top 10 NHL Goal Scorers of All Time
10
NBA Logic Puzzle 2.0
Explore More
Trending Topics
Kpop
Crossword
Anime
NBA
Disney
Harry Potter
Marvel
Soccer
NFL
WWE
Country
Puzzle
Pokémon
The Office
Song
hide this ad
More By:
vtt3017
Quiz
Plays
Rating
Category
Featured
Created
First 5 overall NFL Draft Picks (2000-2011)
243
4.25
Sports
Feb 14, 2012
Offensive starters for the Oakland Raiders (2011-2002)
153
5.00
Sports
Jan 31, 2012
Teams who have tied 10 times or less in the NFL
27
Sports
Feb 28, 2012
Go to Creator's Profile
Score Distribution
Quiz Creator Spotlight
vtt3017
Follow
Send a Message
Quizzes Created
-
Created Quiz Play Count
-
More By This Creator
Popular Quizzes Today
1
Find the US States - No Outlines Minefield
2
Colored Red Africa Blitz
3
Find the 'City' Movie
4
5x2 Blitz: Bands
5
The Countries of the World
6
Find the Countries of Europe - No Outlines Minefield
7
Find the US States
8
US States
More Sports Quizzes
Consecutive World Series Champions
Published
Trending Quizzes
Colored Red Europe Blitz I
Colored Red Africa Blitz II
Colored Red Europe Blitz II
Colored Red Africa Blitz III
Even More Two Season TV Shows
Recently Updated
March Madness Men's Triple Doubles
pecheneg
How Do You Spell That?
pecheneg
Godzilla Movies
pecheneg
Grab Bag: 4-10 Letters
pecheneg
2024 March Madness Bracket
pecheneg
Famous TV Couples
Peacemaker
Champions League XIs: Real Madrid
pecheneg
Largest US Cities 1790-2010
pecheneg
Rides in Walt Disney World
pecheneg
Most Oscar Losses (Acting)
pecheneg
Trending Topics
Marvel
Kpop
Anime
Crossword
Harry Potter
Disney
NBA
Soccer
WWE
Pokémon
NFL
Country
Song
Puzzle
The Office
Your Account Isn't Verified!
In order to create a playlist on Sporcle, you need to verify the email address you used during registration. Go to your
Sporcle Settings
to finish the process.
Report this User
Report this user for behavior that violates our
Community Guidelines
.
Details:
Send Report
Go to the Sporcle.com Mobile Site →
Comments